Etica Nicomaquea

Gespeichert in:
Bibliographische Detailangaben
1. Verfasser: Aristóteles, 384 a.C.- 322 a.C (VerfasserIn)
Weitere Verfasser: Sinnott, Eduardo (traductor)
Format: Buch
Sprache:Spanisch
Veröffentlicht: Buenos Aires Ediciones Colihue 2010
Ausgabe:1a. ed
Schriftenreihe:Colihue Clásica
Schlagworte:
Tags: Tag hinzufügen
Keine Tags, Fügen Sie den ersten Tag hinzu!

MARC

LEADER 00000cam a2200000 a 4500
001 UCF2894
003 CL-VaPUC
005 20241127085257.0
008 120910e20100000AG |||||||||||||||||spa|d
999 |c 349432  |d 349430 
020 |a 9789505630172 
040 |c Pontificia Universidad Católica de Valparaíso 
082 0 4 |a 185  |b ARI  |2 21 
100 |a Aristóteles,  |d 384 a.C.- 322 a.C.  |e author  |9 194 
245 1 0 |a Etica Nicomaquea 
250 |a 1a. ed 
260 |a Buenos Aires  |b Ediciones Colihue  |c 2010 
300 |a 484 p 
490 0 |a Colihue Clásica 
583 |a last modification  |c 20130618 03:26:49  |k Rodrigo Vera 
650 0 |a Filosofía antigua   |9 255705 
650 0 |a Aristotelismo  |9 347069 
650 0 |a Filosofía griega  |9 265579 
650 7 |a ETICA NICOMAQUEA  |2 CL-VaPUC  |9 256497 
650 0 |a Ética  |9 255099 
650 0 |a Política  |9 255312 
700 1 |a Sinnott, Eduardo  |e traductor  |9 863967 
942 |c BK  |2 ddc 
945 |d 20120910 00:00:00  |a dcastane 
952 |0 0  |1 0  |4 0  |6 185_000000000000000_ARI_2010  |7 0  |8 R  |9 452043  |a BIBEDU  |b BIBEDU  |c MCIRC  |d 2019-11-22  |i 490219K  |o 185 ARI 2010  |p 490219K  |r 2023-01-13  |w 2019-11-22  |y BK_R  |k FIL 
952 |0 0  |1 0  |4 0  |6 185_000000000000000_ARI_2010  |7 0  |8 R  |9 452044  |a BIBEDU  |b BIBEDU  |c MCIRC  |d 2019-11-22  |i 4980492  |l 2  |o 185 ARI 2010  |p 4980492  |r 2024-09-30  |s 2024-09-27  |w 2019-11-22  |y BK_R  |k FIL